| 000 | 00434nam a2200169Ia 4500 | ||
|---|---|---|---|
| 008 | 220531s9999 xx 000 0 und d | ||
| 041 | _amar | ||
| 100 |
_aदातार आ. _965935 |
||
| 245 | _aशून्यातून सूर्याकडे | ||
| 250 | _a3RD | ||
| 260 |
_aPune _bVihang _c2014 |
||
| 300 | _a176 | ||
| 542 | _d04-01-2015 | ||
| 650 |
_aMarathi _965936 |
||
| 906 | _d2013-2014 | ||
| 999 |
_c37293 _d37293 |
||